| 000 | 00934nam a2200277 i 4500 | ||
|---|---|---|---|
| 001 | bg | ||
| 003 | BPK | ||
| 005 | 20160126142339.0 | ||
| 008 | 980713s1995 pl a |000 0 pol d | ||
| 015 | _aPB 1997/11264 | ||
| 020 | _a8385845372 | ||
| 040 |
_aWA N _cBPK |
||
| 080 | _a316.344-058.51(4)(091) | ||
| 080 | _a316.344-058.51(438)(091) | ||
| 080 | _a159.9 | ||
| 080 | _a364.65 | ||
| 245 | 0 | 0 |
_aŻebracy w Polsce : _bpraca zbiorowa / _cpod red. Stanisława Matuszewskiego i Andrzeja Bukowskiego. |
| 260 |
_aKraków : _bWydaw. Baran i Suszczyński, _c1995. |
||
| 300 |
_a255 s. : _bil. ; _c20 cm. |
||
| 650 | 4 |
_aŻebracy _zEuropa. |
|
| 650 | 4 |
_aŻebracy _xsocjologia _zPolska. |
|
| 700 | 1 |
_aMatuszewski, Stanisław. _eRed. |
|
| 700 | 1 |
_aBukowski, Andrzej _d(1964- ). _eRed. |
|
| 856 |
_uhttp://koha.tu.koszalin.pl/cgi-bin/koha/opac-detail.pl?biblionumber=41677 _yKatalog online BPK |
||
| 942 |
_2UKD _cKS |
||
| 999 |
_c41677 _d41677 |
||